000 01561nam a2200421 i 4500
001 ELB67430
003 FlNmELB
006 m o d |
007 cr cnu||||||||
008 160810s2015 sp o 000 0 spa d
020 _z9789560102089
020 _a9781512931402 (e book)
035 _a(MiAaPQ)EBC4570570
035 _a(Au-PeEL)EBL4570570
035 _a(CaPaEBR)ebr11231512
035 _a(OCoLC)984775002
040 _aFINmELB
_bspa
_erda
_cFINmELB
050 4 _aRC480
_bT315 2015
080 _a616.89
082 0 _a616.8914
_223
245 0 0 _aTerapia sistémica breve :
_bfundamentos y aplicaciones /
_cFelipe E. García Martínez, compilador.
250 _aSegunda edición.
264 1 _aSantiago de Chile :
_bRIL editores,
_c2015.
300 _a1 recurso en línea (496 páginas)
336 _atexto
_btxt
_2rdacontent/spa
337 _acomputadora
_bc
_2rdamedia/spa
338 _arecurso en línea
_bcr
_2rdacarrier/spa
588 _aDescripción basada en recurso en línea; Título de la página del título en PDF (e-libro, visto August 10, 2016).
590 _aRecurso electronico. Santa Fe, Arg. : e-libro, 2016. Disponible via World Wide Web. El acceso puede ser limitado para las bibliotecas afiliadas a e-libro.
650 0 _aPsychotherapy.
650 0 _aFamily psychotherapy.
650 4 _aTerapia.
650 4 _aPsicología.
655 4 _aLibros electrónicos.
700 1 _aGarcía Martínez, Felipe E,
_ecompilador.
797 2 _ae-libro, Corp.
856 4 0 _uhttps://elibro.net/ereader/usam/67430
999 _c152707
_d152707